State farms and rural development : a case study of the Agbede and Warrake Farm projects in Bendel State of Nigeria /

Bibliographic Details
Main Author: Agbonifo, Peter Oghayerio
Format: Thesis Microform Book
Language:English
Published: [Place of publication not identified] : [publisher not identified] ; 1980.
Subjects:

MARC

Tag First Indicator Second Indicator Subfields
LEADER 00000cam a2200000 a 4500
001 in00000559021
005 20151014053514.0
007 hd af----b---
008 850522r19811980miuab ab 00010 eng d
035 |a (OCoLC)12064877 
035 |9 ACK2764AM 
040 |a TXA  |c TXA  |d UtOrBLW 
043 |a f-nr--- 
049 |a TXAI 
099 |a film  |a B  |a 2204 
100 1 |a Agbonifo, Peter Oghayerio. 
245 1 0 |a State farms and rural development :  |b a case study of the Agbede and Warrake Farm projects in Bendel State of Nigeria /  |c by Peter Oghayerio Agbonifo. 
264 1 |a [Place of publication not identified] :  |b [publisher not identified] ;  |c 1980. 
300 |a xvi, 277 leaves :  |b illustrations, maps. 
336 |a text  |b txt  |2 rdacontent 
337 |a microform  |b h  |2 rdamedia 
338 |a microfilm reel  |b hd  |2 rdacarrier 
500 |a Vita. 
502 |b Ph. D.  |c Madison  |d 1980. 
504 |a Bibliography: leaves 247-271. 
533 |a Microfilm.  |b Ann Arbor, Mich. :  |c Xerox University Microfilms,  |d 1981.  |e 1 microfilm reel ; 35 mm. 
500 |a Microform. 
650 0 |a Rural development  |z Nigeria. 
650 0 |a Agriculture and state  |z Nigeria. 
999 |a MARS 
999 f f |s ec254b07-00d8-3bcf-9ea6-bf227cc2692d  |i 02f0a34f-99be-36dd-85ff-c36b64c505d3  |t 0 
952 f f |p default  |a Texas A&M University  |b College Station  |c Sterling C. Evans Library  |d Evans: Microforms (3rd floor)  |t 0  |e film B 2204  |h Other scheme  |i microform -- microfilm reel 
998 f f |a film B 2204  |t 0  |l Evans: Microforms (3rd floor)